000
00309nam a22001217a 4500
008
160425b xxu||||| |||| 00| 0 eng d
020
_a
9780323032452
020
_a
0323032451
041
_a
eng
080
_a
618.2
245
_a
Fundamentals of nursing:
_c
Patricia A. Castaldi; Barbara Canton;
942
_2
udc
_c
BK
999
_c
1565
_d
1565